Hortobágyi gulyások

Elmentve itt :
Bibliográfiai részletek
Szerzők: Móricz Pál
Szalay Pál
Dokumentumtípus: Cikk
Megjelent: 1911
Sorozat:Kultura [!Kultúra] : irodalmi, művészeti, kritikai képes havi folyóirat 1 No. 4
Kulcsszavak:Néprajztudomány
Online Access:http://misc.bibl.u-szeged.hu/1024
LEADER 00628nab a2200181 i 4500
001 misc1024
005 20191106143748.0
008 170607s1911 hu o 0|| hun d
040 |a SZTE Miscellanea Repozitórium  |b hun 
041 |a hun 
100 1 |a Móricz Pál 
245 1 0 |a Hortobágyi gulyások  |h [elektronikus dokumentum] /  |c  Móricz Pál 
260 |c 1911 
300 |a 216-219 
490 0 |a Kultura [!Kultúra] : irodalmi, művészeti, kritikai képes havi folyóirat  |v 1 No. 4 
695 |a Néprajztudomány 
700 0 1 |a Szalay Pál  |e aut 
856 4 0 |u http://misc.bibl.u-szeged.hu/1024/1/kultura_001_004_216-219.pdf  |z Dokumentum-elérés